Logo BPK

Biblioteka

Politechniki Koszalińskiej

Pilarka spalinowa : (Rekord nr 35276)

Szczegóły MARC
000 -ETYKIETA REKORDU
podpole kontrolne o stałej długości 00742ngm a2200193 i 4500
001 - NUMER KONTROLNY REKORDU
pole kontrolne bg
040 ## - ŹRÓDŁO KATALOGOWANIA
Instytucja, która utworzyła rekord BPK
041 0# - KOD JĘZYKA
Kod języka tekstu pol
080 ## - UNIWERSALNA KLASYFIKACJA DZIESIĘTNA - UKD
UKD 630.38(086.8)
008 - POLE O STAŁEJ DŁUGOŚCI - DANE KONTROLNE
podpole kontrolne o stałej długości s pl f |000 0 pol
245 00 - TYTUŁ/ODPOWIEDZIALNOŚĆ
Tytuł Pilarka spalinowa :
Ciąg dalszy tytułu budowa i działanie /
Pozostałe elementy strefy tytułu i oznaczenia odpowiedzialności Centrum Informacyjne Lasów Państwowych.
260 ## - STREFA ADRESU WYDAWNICZEGO
Miejsce wydania Andrespol :
Nazwa wydawcy/dystrybutora Leśne Studio Filmowe ORWLP w Bedoniu,
Data publikacji, dystrybucji/powstania dokumentu 2001.
300 ## - STREFA OPISU FIZYCZNEGO
Objętość 1 kas. wiz. (32 min) :
Inne cechy fizyczne dźw., kolor.
650 #9 - HASŁO PRZEDMIOTOWE W FORMIE NAZWY OGÓLNEJ LUB JEDNOSTKOWEJ
Nazwa ogólna lub geograficzna Pilarki
Określnik ogólny budowa i eksploatacja
655 ## - TERMIN INDEKSOWY - OKREŚLENIE RODZAJU/FORMY DOKUMENTU
Określenie rodzaju/formy dokumentu Dokumenty audiowizualne
710 #0 - HASŁO DODATKOWE - NAZWA CIAŁA ZBIOROWEGO
Nazwa ciała zbiorowego lub jednostki geograficznej Centrum Informacyjne Lasów Państwowych
856 ## - LOKALIZACJA I DOSTĘP DO ELEKTRONICZNYCH DOKUMENTÓW ZDALNYCH
Link (URL) http://koha.tu.koszalin.pl/cgi-bin/koha/opac-detail.pl?biblionumber=35276
Tekst linku Katalog online BPK
942 ## - DODATKOWE ELEMENTY (KOHA)
Typ dokumentu Kaseta wideo
Egzemplarze
Wycofany Status egzemplarza Uszkodzony Dostępność Lokalizacja stała Lokalizacja bieżąca Miejsce przechowywania Sygnatura Kod kreskowy Typ dokumentu
      Dostępny Biblioteka Politechniki Koszalińskiej Biblioteka Politechniki Koszalińskiej Wypożyczalnia BG TW 1188 02156071 Kaseta wideo
© 2023 Biblioteka Politechniki Koszalińskiej :: KOHA